<?xml version="1.0" encoding="UTF-8"?>
<record
    xmlns:xsi="http://www.w3.org/2001/XMLSchema-instance"
    xsi:schemaLocation="http://www.loc.gov/MARC21/slim http://www.loc.gov/standards/marcxml/schema/MARC21slim.xsd"
    xmlns="http://www.loc.gov/MARC21/slim">

  <leader>01635nam a22002537a 4500</leader>
  <controlfield tag="003">NALT</controlfield>
  <controlfield tag="005">20251009075019.0</controlfield>
  <controlfield tag="008">210330b        th ||||| |||| 00| 0 tha d</controlfield>
  <datafield tag="040" ind1=" " ind2=" ">
    <subfield code="a">NALT</subfield>
  </datafield>
  <datafield tag="090" ind1=" " ind2=" ">
    <subfield code="a">ELR 111/2 2564</subfield>
  </datafield>
  <datafield tag="100" ind1="0" ind2=" ">
    <subfield code="9">46013</subfield>
    <subfield code="a">&#xE19;&#xE49;&#xE33;&#xE17;&#xE34;&#xE1E;&#xE22;&#xE4C; &#xE2D;&#xE19;&#xE31;&#xE19;&#xE15;&#xE17;&#xE23;&#xE31;&#xE1E;&#xE22;&#xE4C;</subfield>
  </datafield>
  <datafield tag="245" ind1="1" ind2="0">
    <subfield code="a">&#xE01;&#xE32;&#xE23;&#xE08;&#xE31;&#xE14;&#xE17;&#xE33;&#xE04;&#xE39;&#xE48;&#xE21;&#xE37;&#xE2D;&#xE01;&#xE32;&#xE23;&#xE2A;&#xE37;&#xE1A;&#xE04;&#xE49;&#xE19;&#xE02;&#xE49;&#xE2D;&#xE21;&#xE39;&#xE25;&#xE27;&#xE34;&#xE0A;&#xE32;&#xE01;&#xE32;&#xE23;&#xE14;&#xE49;&#xE32;&#xE19;&#xE01;&#xE32;&#xE23;&#xE17;&#xE48;&#xE2D;&#xE07;&#xE40;&#xE17;&#xE35;&#xE48;&#xE22;&#xE27; &#xE41;&#xE25;&#xE30;&#xE01;&#xE0E;&#xE2B;&#xE21;&#xE32;&#xE22;&#xE17;&#xE35;&#xE48;&#xE40;&#xE01;&#xE35;&#xE48;&#xE22;&#xE27;&#xE02;&#xE49;&#xE2D;&#xE07;&#xE01;&#xE31;&#xE1A;&#xE2D;&#xE32;&#xE0A;&#xE35;&#xE1E;&#xE21;&#xE31;&#xE04;&#xE04;&#xE38;&#xE40;&#xE17;&#xE28;&#xE01;&#xE4C;&#xE44;&#xE17;&#xE22; &#xE40;&#xE1E;&#xE37;&#xE48;&#xE2D;&#xE43;&#xE0A;&#xE49;&#xE1B;&#xE23;&#xE30;&#xE01;&#xE2D;&#xE1A;&#xE01;&#xE32;&#xE23;&#xE1E;&#xE34;&#xE08;&#xE32;&#xE23;&#xE13;&#xE32;&#xE02;&#xE2D;&#xE07;&#xE04;&#xE13;&#xE30;&#xE01;&#xE23;&#xE23;&#xE21;&#xE32;&#xE18;&#xE34;&#xE01;&#xE32;&#xE23; /</subfield>
    <subfield code="c">&#xE19;&#xE49;&#xE33;&#xE17;&#xE34;&#xE1E;&#xE22;&#xE4C; &#xE2D;&#xE19;&#xE31;&#xE19;&#xE15;&#xE17;&#xE23;&#xE31;&#xE1E;&#xE22;&#xE4C;.</subfield>
  </datafield>
  <datafield tag="246" ind1="3" ind2="0">
    <subfield code="a">&#xE02;&#xE49;&#xE2D;&#xE40;&#xE2A;&#xE19;&#xE2D;&#xE41;&#xE19;&#xE27;&#xE04;&#xE34;&#xE14;&#xE01;&#xE32;&#xE23;&#xE1B;&#xE23;&#xE31;&#xE1A;&#xE1B;&#xE23;&#xE38;&#xE07;&#xE2B;&#xE23;&#xE37;&#xE2D;&#xE1E;&#xE31;&#xE12;&#xE19;&#xE32;&#xE07;&#xE32;&#xE19;</subfield>
  </datafield>
  <datafield tag="260" ind1=" " ind2=" ">
    <subfield code="a">&#xE01;&#xE23;&#xE38;&#xE07;&#xE40;&#xE17;&#xE1E;&#xE2F; :</subfield>
    <subfield code="b">&#xE2A;&#xE33;&#xE19;&#xE31;&#xE01;&#xE07;&#xE32;&#xE19;&#xE40;&#xE25;&#xE02;&#xE32;&#xE18;&#xE34;&#xE01;&#xE32;&#xE23;&#xE2A;&#xE20;&#xE32;&#xE1C;&#xE39;&#xE49;&#xE41;&#xE17;&#xE19;&#xE23;&#xE32;&#xE29;&#xE0E;&#xE23;,</subfield>
    <subfield code="c">2564.</subfield>
  </datafield>
  <datafield tag="300" ind1=" " ind2=" ">
    <subfield code="a">109 &#xE2B;&#xE19;&#xE49;&#xE32; :</subfield>
    <subfield code="b">&#xE20;&#xE32;&#xE1E;&#xE1B;&#xE23;&#xE30;&#xE01;&#xE2D;&#xE1A;, &#xE15;&#xE32;&#xE23;&#xE32;&#xE07; ;</subfield>
    <subfield code="c">29 &#xE0B;&#xE21;.</subfield>
  </datafield>
  <datafield tag="650" ind1=" " ind2="0">
    <subfield code="a">&#xE21;&#xE31;&#xE04;&#xE04;&#xE38;&#xE40;&#xE17;&#xE28;&#xE01;&#xE4C;</subfield>
    <subfield code="x">&#xE01;&#xE0E;&#xE2B;&#xE21;&#xE32;&#xE22;&#xE41;&#xE25;&#xE30;&#xE23;&#xE30;&#xE40;&#xE1A;&#xE35;&#xE22;&#xE1A;&#xE02;&#xE49;&#xE2D;&#xE1A;&#xE31;&#xE07;&#xE04;&#xE31;&#xE1A;</subfield>
    <subfield code="9">51319</subfield>
  </datafield>
  <datafield tag="650" ind1=" " ind2="0">
    <subfield code="a">&#xE01;&#xE32;&#xE23;&#xE17;&#xE48;&#xE2D;&#xE07;&#xE40;&#xE17;&#xE35;&#xE48;&#xE22;&#xE27;</subfield>
    <subfield code="9">9911</subfield>
  </datafield>
  <datafield tag="850" ind1=" " ind2=" ">
    <subfield code="a">NALT</subfield>
  </datafield>
  <datafield tag="856" ind1="4" ind2="0">
    <subfield code="u">https://hdl.handle.net/20.500.14156/2003585</subfield>
  </datafield>
  <datafield tag="942" ind1=" " ind2=" ">
    <subfield code="c">IS</subfield>
    <subfield code="2">local</subfield>
  </datafield>
  <datafield tag="996" ind1=" " ind2=" ">
    <subfield code="a">kanyakorn.i</subfield>
    <subfield code="b">LIBSTF</subfield>
    <subfield code="c">2025-07-14</subfield>
  </datafield>
  <datafield tag="999" ind1=" " ind2=" ">
    <subfield code="c">98217</subfield>
    <subfield code="d">98217</subfield>
  </datafield>
  <datafield tag="998" ind1=" " ind2=" ">
    <subfield code="j">1020</subfield>
    <subfield code="k"> &#xE19;&#xE32;&#xE07;&#xE08;&#xE33;&#xE40;&#xE23;&#xE35;&#xE22;&#xE07;  &#xE23;&#xE30;&#xE27;&#xE31;&#xE07;&#xE2A;&#xE33;&#xE42;&#xE23;&#xE07;</subfield>
  </datafield>
  <datafield tag="952" ind1=" " ind2=" ">
    <subfield code="0">0</subfield>
    <subfield code="1">0</subfield>
    <subfield code="2">local</subfield>
    <subfield code="4">0</subfield>
    <subfield code="7">0</subfield>
    <subfield code="8">CIS</subfield>
    <subfield code="a">NALT</subfield>
    <subfield code="b">NALT</subfield>
    <subfield code="c">IS</subfield>
    <subfield code="d">2021-03-30</subfield>
    <subfield code="l">16</subfield>
    <subfield code="m">7</subfield>
    <subfield code="o">ELR 111/2 2564</subfield>
    <subfield code="p">3961211814</subfield>
    <subfield code="r">2025-01-31 00:00:00</subfield>
    <subfield code="s">2025-01-16</subfield>
    <subfield code="w">2021-03-30</subfield>
    <subfield code="y">IS</subfield>
  </datafield>
</record>
